000 00931nam a2200229Ii 4500
003 JO-AjNU
008 230605s9999||||xx |||||||||||||| ||und||
017 _a2010/9371
020 _a978-977-379-107-3
040 _aJO-AjNU
_bara
_erda
_cJO-AjNU
041 _aara
050 1 4 _aKBP3098.H366.2011
100 3 _a حنا ، منير رياض ,
_eauthor
_931988
245 0 0 _aالطب الشرعي والوسائل العلمية والبوليسية المستخدمة في الكشف عن الجرائم وتعقب الجناة
250 _aط1
264 3 1 _aالاسكندرية : دار الفكر الجامعي ، 2010
300 _a1012ص
_bيشتمل على قائمة المراجع الببلوغرافية ص ( 955 - 957 )
336 _atext
_btxt
_2rdacontent
337 _aunmediated
_bn
_2rdamedia
338 _avolume
_bnc
_2rdacarrier
650 4 _aالطب الشرعي -- جرائم -- قوانيين
_931989
999 _aA12860
_c16428
_d16428